| 000 | 01002nas a2200325 4500 | ||
|---|---|---|---|
| 001 | BR2016000515 | ||
| 003 | BR-BrBNA | ||
| 005 | 20231205130115.0 | ||
| 007 | ta | ||
| 008 | 230509b bl.|||p| |||| 00| 00por d | ||
| 040 |
_aBR-BrBNA _bpor _cBiblioteca Nacional de Agricultura |
||
| 041 | _a(Pt) | ||
| 072 | _aF30 | ||
| 100 | 1 | _aRodrigues, J.I. da S. | |
| 100 | 1 | _aArruda, K.M.A. | |
| 100 | 1 | _aCruz, C.D. | |
| 100 | 1 | _aPiovesan, N.D. | |
| 100 | 1 | _aBarros, E.G. de | |
| 100 | 1 | _aMoreira, M.A. | |
| 245 | 1 | _aDivergência em QTLs e variância genética para teores de proteína e óleo em soja | |
| 650 | _aGLYCINE MAX | ||
| 650 | _aOLEO DE SOJA | ||
| 650 | _aGENETICA VEGETAL | ||
| 650 | _aMELHORAMENTO GENETICO VEGETAL | ||
| 650 | _aMARCADOR MOLECULAR | ||
| 650 | _aVARIAÇÃO GENETICA | ||
| 773 | 0 |
_tPesquisa Agropecuária Brasileira (Brazil) _xISSN 0100-204X _g(Nov 2015), v. 50(11) p. 1042-1053 _wBR2016000515 |
|
| 909 |
_a202311 _bLúcia _c55 _dLúcia Elande |
||
| 942 |
_2AGRIS _n0 _cANA |
||
| 999 |
_c247893 _d247893 |
||